[Event "Ratten op 18th"]
[Site "Ratten"]
[Date "2011.06.02"]
[Round "1"]
[White "Bachner, Karsten"]
[Black "Arztmann, Wolfgang"]
[Result "1/2-1/2"]
[WhiteElo "1878"]
[BlackElo "2161"]
[PlyCount "43"]
[EventDate "2011.06.02"]
[EventType "swiss"]
[EventRounds "5"]
[EventCountry "AUT"]
[SourceTitle "CBM 143 Extra"]
[Source "ChessBase"]
[SourceDate "2011.08.29"]
[SourceVersion "1"]
[SourceVersionDate "2011.08.29"]
[SourceQuality "1"]

1. e4 e6 2. d4 d5 3. Nc3 Nf6 4. Bg5 Be7 5. e5 Nfd7 6. h4 0-0 7. Qg4 Kh8 8. Bxe7 Qxe7 9. f4 c5 10. Nf3 cxd4 11. Nxd4 Nc6 12. 0-0-0 Qb4 13. Nce2 Nc5 14. a3 Qb6 15. Rh3 Ne4 16. Rf3 Bd7 17. h5 Rac8 18. h6 g6 19. Qh4 f5 20. Nxc6 Bxc6 21. Qe7 Qc7 22. Qxc7 1/2-1/2

[Event "AUT-ch U16"]
[Site "Vienna"]
[Date "2011.04.18"]
[Round "3.7"]
[White "Bachner, Karsten"]
[Black "Gstach, Jakob"]
[Result "1/2-1/2"]
[WhiteElo "1872"]
[BlackElo "1898"]
[PlyCount "72"]
[EventDate "2011.04.17"]
[EventType "swiss"]
[EventRounds "7"]
[EventCountry "AUT"]
[SourceTitle "EXT 2024"]
[Source "ChessBase"]
[SourceDate "2023.10.10"]
[SourceVersion "1"]
[SourceVersionDate "2023.10.10"]
[SourceQuality "1"]

1. e4 e5 2. Nf3 Nc6 3. Bb5 Nf6 4. 0-0 Nxe4 5. d4 Nd6 6. Bxc6 dxc6 7. dxe5 Nf5 8. Qxd8+ Kxd8 9. Nc3 Ne7 10. h3 Ng6 11. Be3 Bd7 12. Rad1 Ke8 13. Rfe1 Bb4 14. Bd2 Bxc3 15. Bxc3 Be6 16. Nd4 Ne7 17. f4 h5 18. Bd2 h4 19. Be3 Rh5 20. b3 a5 21. c4 b6 22. a4 Rd8 23. Rd2 c5 24. Nxe6 fxe6 25. Rxd8+ Kxd8 26. Rd1+ Kc8 27. Kf2 Nf5 28. Rd3 g6 29. Rd2 Rh7 30. Kf3 Rd7 31. Rxd7 Kxd7 32. Ke4 Ke7 33. Bf2 Kf7 34. Bg1 Ng3+ 35. Kf3 Nf1 36. Ke2 Ng3+ 1/2-1/2

[Event "AUT-ch U18"]
[Site "Velden"]
[Date "2010.04.01"]
[Round "7"]
[White "Bachner, Karsten"]
[Black "Sauper, Dorian Balthasar"]
[Result "1-0"]
[WhiteElo "1790"]
[BlackElo "1925"]
[PlyCount "131"]
[EventDate "2010.03.28"]
[EventType "swiss"]
[EventRounds "7"]
[EventCountry "AUT"]
[SourceTitle "CBM 135 Extra"]
[Source "ChessBase"]
[SourceDate "2010.05.04"]
[SourceVersion "1"]
[SourceVersionDate "2010.05.04"]
[SourceQuality "1"]

1. e4 d6 2. d4 Nf6 3. Nc3 e5 4. dxe5 dxe5 5. Qxd8+ Kxd8 6. Nf3 Bd6 7. Bc4 Be6 8. Bxe6 fxe6 9. Be3 a6 10. 0-0-0 Ke7 11. a3 Nc6 12. h3 b5 13. Rhe1 Na5 14. Kb1 Nc4 15. Bc1 Rad8 16. Ka2 Nb6 17. b3 Rhf8 18. Bb2 Nh5 19. Ne2 Nd7 20. Rd2 Nf4 21. Nxf4 exf4 22. Bxg7 Rg8 23. Bh6 e5 24. Bg5+ Nf6 25. Bxf4 exf4 26. e5 Bxe5 27. Rxe5+ Kf7 28. Rxd8 Rxd8 29. Rf5 Rg8 30. Nh4 Re8 31. Rxf4 Re2 32. Kb2 Ke6 33. Nf3 c5 34. b4 Nd5 35. Ng5+ Kd6 36. bxc5+ Kxc5 37. Rh4 Nf6 38. Nxh7 Nd5 39. Ng5 b4 40. axb4+ Nxb4 41. Kb3 Nc6 42. g3 Nd4+ 43. Kb2 Rxc2+ 44. Kb1 Re2 45. Rh8 Kc4 46. f3 Kb3 47. Rb8+ Nb5 48. Kc1 Rg2 49. g4 Kc3 50. Kd1 Kd3 51. Ke1 Nd4 52. Kf1 Ra2 53. Re8 a5 54. h4 a4 55. h5 Ra1+ 56. Kg2 Ra2+ 57. Kh3 Ne2 58. h6 Nf4+ 59. Kg3 Ne2+ 60. Kh4 Ng1 61. Kh5 a3 62. h7 Rh2+ 63. Kg6 a2 64. Ra8 Nh3 65. Nxh3 Rxh3 66. Rxa2 1-0

[Event "AUT-ch U18"]
[Site "Velden"]
[Date "2010.03.31"]
[Round "6"]
[White "Bachner, Karsten"]
[Black "Stagl, Marco"]
[Result "0-1"]
[WhiteElo "1790"]
[BlackElo "2005"]
[PlyCount "100"]
[EventDate "2010.03.28"]
[EventType "swiss"]
[EventRounds "7"]
[EventCountry "AUT"]
[SourceTitle "CBM 135 Extra"]
[Source "ChessBase"]
[SourceDate "2010.05.04"]
[SourceVersion "1"]
[SourceVersionDate "2010.05.04"]
[SourceQuality "1"]

1. e4 d5 2. exd5 Qxd5 3. Nc3 Qa5 4. d4 c6 5. Nf3 Nf6 6. Bd2 Bf5 7. Bc4 e6 8. Qe2 Qb6 9. 0-0-0 Nbd7 10. Nh4 Bg6 11. Nxg6 hxg6 12. d5 cxd5 13. Nxd5 Nxd5 14. Bxd5 Bc5 15. f4 0-0-0 16. Bf3 Kb8 17. Bc3 Be3+ 18. Kb1 Nf6 19. Rxd8+ Rxd8 20. Ba5 Qxa5 21. Qxe3 Qd2 22. Qxd2 Rxd2 23. Rf1 Rd4 24. Rd1 Rxf4 25. Rd8+ Kc7 26. Rf8 Nd7 27. Re8 g5 28. h3 Kd6 29. c3 b6 30. Ra8 a5 31. Rg8 g6 32. Rc8 Ne5 33. Ba8 Rf2 34. Rd8+ Kc7 35. Rd4 Rf4 36. Rxf4 gxf4 37. Kc2 Kd6 38. b4 axb4 39. cxb4 g5 40. a4 Nc6 41. Kc3 f5 42. Kc4 Kc7 43. Kb5 Nd4+ 44. Kc4 Nc6 45. Kb5 Nd4+ 46. Kc4 Nc2 47. a5 bxa5 48. bxa5 e5 49. Kd5 e4 50. Ke5 f3 0-1

[Event "AUT-ch U18"]
[Site "Velden"]
[Date "2010.03.30"]
[Round "4"]
[White "Bachner, Karsten"]
[Black "Feinig, Mario"]
[Result "1-0"]
[WhiteElo "1790"]
[BlackElo "2018"]
[PlyCount "103"]
[EventDate "2010.03.28"]
[EventType "swiss"]
[EventRounds "7"]
[EventCountry "AUT"]
[SourceTitle "CBM 135 Extra"]
[Source "ChessBase"]
[SourceDate "2010.05.04"]
[SourceVersion "1"]
[SourceVersionDate "2010.05.04"]
[SourceQuality "1"]

1. e4 c5 2. Nf3 Nc6 3. d4 cxd4 4. Nxd4 g6 5. c4 Bg7 6. Be3 Nf6 7. Nc3 0-0 8. Be2 d6 9. 0-0 Bd7 10. Qd2 Nxd4 11. Bxd4 Bc6 12. f3 a5 13. b3 Nd7 14. Be3 Nc5 15. Rab1 Qb6 16. Nd5 Bxd5 17. exd5 Rfc8 18. Rfe1 Qd8 19. Bf1 Bf6 20. g3 Qd7 21. Qc2 b5 22. cxb5 Na4 23. Qf2 Nc3 24. Rbc1 Nxd5 25. a4 Rc3 26. Bd4 Rxc1 27. Rxc1 e5 28. Bb2 Bg5 29. Re1 Rc8 30. Bc4 Nb4 31. Rd1 Qc7 32. f4 Bf6 33. fxe5 Bxe5 34. Bxe5 dxe5 35. Rf1 Rf8 36. h3 Qd6 37. Qe2 Kg7 38. Rd1 Qc7 39. Qd2 Qc5+ 40. Kg2 Re8 41. Qd6 Qxd6 42. Rxd6 Re7 43. Rd8 Ra7 44. Bd5 Rc7 45. b6 Rc2+ 46. Kg1 Rd2 47. b7 Rd1+ 48. Kf2 Nc6 49. Rc8 Rxd5 50. Rxc6 Rd2+ 51. Ke1 Rd8 52. Rc8 1-0

[Event "AUT-ch U14"]
[Site "St Poelten"]
[Date "2009.05.31"]
[Round "4"]
[White "Dalnodar, Bernhard"]
[Black "Bachner, Karsten"]
[Result "1-0"]
[WhiteElo "1952"]
[BlackElo "1819"]
[PlyCount "45"]
[EventDate "2009.05.30"]
[EventType "swiss"]
[EventRounds "7"]
[EventCountry "AUT"]
[SourceTitle "EXT 2011"]
[Source "ChessBase"]
[SourceDate "2010.11.26"]
[SourceVersion "1"]
[SourceVersionDate "2010.11.26"]
[SourceQuality "1"]

1. d4 d5 2. c4 c6 3. Nf3 Nf6 4. Nc3 e6 5. e3 a6 6. c5 Nbd7 7. Bd3 e5 8. dxe5 Ng4 9. Na4 Bxc5 10. Nxc5 Qa5+ 11. Bd2 Qxc5 12. Bc3 Qe7 13. Bc2 Ngxe5 14. Nxe5 Nxe5 15. Qh5 g5 16. h4 h6 17. hxg5 Bg4 18. Qh2 Nc4 19. Qf4 Rg8 20. Qxg4 Rxg5 21. Qf3 Nxb2 22. Rxh6 Qxe3+ 23. Qxe3+ 1-0

[Event "AUT-ch U14"]
[Site "St Poelten"]
[Date "2009.05.30"]
[Round "2"]
[White "Binder, Moriz"]
[Black "Bachner, Karsten"]
[Result "1-0"]
[WhiteElo "1815"]
[BlackElo "1819"]
[PlyCount "70"]
[EventDate "2009.05.30"]
[EventType "swiss"]
[EventRounds "7"]
[EventCountry "AUT"]
[SourceTitle "EXT 2011"]
[Source "ChessBase"]
[SourceDate "2010.11.26"]
[SourceVersion "1"]
[SourceVersionDate "2010.11.26"]
[SourceQuality "1"]

1. c4 c6 2. Nf3 Nf6 3. d4 d5 4. e3 e6 5. Nc3 a6 6. Qc2 c5 7. cxd5 exd5 8. Be2 Nc6 9. dxc5 Bxc5 10. 0-0 0-0 11. a3 Be6 12. b4 Bd6 13. Bb2 Rc8 14. Rac1 Ne5 15. Nxe5 Bxe5 16. Qd2 Qd7 17. Rfd1 Rxc3 18. Bxc3 Ne4 19. Qe1 Nxc3 20. Rxc3 Bxc3 21. Qxc3 Rc8 22. Qd2 Qa4 23. Qd3 g6 24. h3 h5 25. Bf3 b5 26. Rd2 Bf5 27. Qxd5 Qxa3 28. Qd6 a5 29. bxa5 Qxa5 30. Rd5 Be6 31. Rg5 Qe1+ 32. Kh2 Qxf2 33. Rxg6+ Kh7 34. Rxe6 Rc1 35. Rh6+ Kg7 1-0